000 00716nam a2200217Ia 4500
003 GCL
008 140319s9999 xx 000 0 ara d
040 _aGCL /
_cGCL
082 0 4 _aد
_b050
_bم ث
100 1 _aوزارة الثقافة والارشاد القومى
245 1 0 _aمجلة الكتاب العربى /
_cوزارة الثقافة والارشاد القومى
700 1 _aدار الاثار الاسلامية
260 _a[S.N] :
_bوزارة الثقافة والارشاد القومى
300 _aمتعدد
650 0 4 _aالادب
650 0 4 _aسياسة
650 0 4 _aالفنون
650 0 4 _aمقالات
650 0 4 _aالمقالات - مجموعات
942 _2ddc
_cCF
999 _c27115
_d27115